[Event "RUS-chT L1"]
[Site "Sochi RUS"]
[Date "2004.04.24"]
[Round "5.4"]
[White "Khlian, Eduard"]
[Black "Dashibalov, Erdem"]
[Result "1/2-1/2"]
[WhiteElo "2460"]
[BlackElo "2324"]
[EventDate "2004.04.20"]
[PlyCount "35"]

1.d4 Nf6 2.c4 e6 3.Nf3 b6 4.e3 Bb7 5.Bd3 d5 6.O-O Bd6 7.b3 O-O 8.Bb2 Nbd7 
9.Nc3 a6 10.Rc1 Qe7 11.cxd5 exd5 12.Ne2 Ne4 13.Rc2 Rae8 14.Qc1 c6 15.g3 
Rc8 16.Nh4 g6 17.Ng2 Rfe8 18.Qd1 1/2-1/2

[Event "RUS-chT L1"]
[Site "Sochi RUS"]
[Date "2004.04.24"]
[Round "5.2"]
[White "Kositsin, Sergei"]
[Black "Chuprov, Dmitry"]
[Result "1/2-1/2"]
[WhiteElo "2429"]
[BlackElo "2549"]
[EventDate "2004.04.20"]
[PlyCount "107"]

1.Nf3 g6 2.e4 c5 3.c3 Bg7 4.d4 cxd4 5.cxd4 d5 6.e5 Bg4 7.Bb5+ Nc6 8.O-O 
Rc8 9.h3 Bxf3 10.Qxf3 e6 11.Rd1 h6 12.Bxc6+ Rxc6 13.Nc3 Ne7 14.b3 O-O 15.
Bb2 Qa5 16.Qd3 Nf5 17.a3 Rfc8 18.Rac1 Qd8 19.Ne2 Bf8 20.Rxc6 Rxc6 21.Rc1 
Rxc1+ 22.Bxc1 Qa5 23.b4 Qa4 24.Bb2 h5 25.g4 hxg4 26.hxg4 Ne7 27.Kg2 Qc6 
28.f4 a6 29.Kf3 Qd7 30.Ng3 Qc8 31.Ke3 Qd8 32.Kf3 Nc6 33.Bc1 f5 34.g5 Qc7 
35.Be3 Na7 36.Ne2 Qd7 37.Ng3 Nb5 38.Kg2 Qc7 39.Ne2 Kf7 40.Kf2 Ke8 41.Bc1 
Kd8 42.Bb2 Na7 43.Qh3 Nc8 44.Qh8 Qg7 45.Qxg7 Bxg7 46.Ng1 Kd7 47.Ke3 Kc6 
48.Kd3 Kb5 49.Nf3 Ka4 50.Kc2 b6 51.Nh4 Ne7 52.Kc3 Bf8 53.Bc1 Bg7 54.Bb2 
1/2-1/2

[Event "RUS-chT L1"]
[Site "Sochi RUS"]
[Date "2004.04.24"]
[Round "5.3"]
[White "Kabanov, Nikolai"]
[Black "Semeniuk, Alexander"]
[Result "1-0"]
[WhiteElo "2519"]
[BlackElo "2458"]
[EventDate "2004.04.20"]
[PlyCount "127"]

1.e4 c5 2.Nf3 e6 3.c4 Nc6 4.Nc3 Nf6 5.Be2 d5 6.exd5 exd5 7.d4 Be6 8.Be3 
dxc4 9.dxc5 Ng4 10.Bd4 Qa5 11.Qa4 O-O-O 12.Qxa5 Nxa5 13.h3 Nc6 14.Rd1 Nxd4
15.Rxd4 Rxd4 16.Nxd4 Ne5 17.Nxe6 fxe6 18.Ne4 Kd7 19.f4 Ng6 20.O-O Kc6 21.
Bxc4 Bxc5+ 22.Nxc5 Kxc5 23.Bxe6 Rd8 24.g3 Ne7 25.Rc1+ Kb6 26.Rc2 Nc6 27.
Rf2 Rd1+ 28.Kg2 Nb4 29.Bb3 Rd6 30.Re2 a5 31.Kf3 Nc6 32.Kf2 Kb5 33.Bg8 h6 
34.Bh7 Rd1 35.Bc2 Rh1 36.Be4 Ra1 37.a3 Nd4 38.Rd2 Nb3 39.Rc2 Nc5 40.Bg6 b6
41.Kf3 Re1 42.Bf7 a4 43.Bc4+ Kc6 44.b4 axb3 45.Bxb3 Ra1 46.Rc3 Rf1+ 47.Kg4
Kd6 48.Re3 Rb1 49.Bc4 b5 50.Bf7 b4 51.axb4 Rxb4 52.Kf5 g5 53.fxg5 hxg5 54.
Kxg5 Re4 55.Rf3 Ke7 56.Bg6 Re5+ 57.Kh6 Nd7 58.h4 Nf6 59.Kg7 Nd5 60.h5 Nc7 
61.Rf7+ Kd6 62.Bf5 Ne8+ 63.Kg6 Kd5 64.g4 1-0

[Event "RUS-chT L1"]
[Site "Sochi RUS"]
[Date "2004.04.24"]
[Round "5.4"]
[White "Berezhevsky, Evgeny"]
[Black "Potapenko, Alexei"]
[Result "1-0"]
[WhiteElo "2369"]
[BlackElo "2122"]
[EventDate "2004.04.20"]
[PlyCount "105"]

1.d4 Nf6 2.c4 g6 3.Nc3 Bg7 4.e4 d6 5.Nf3 O-O 6.Be2 Nc6 7.O-O Bg4 8.Be3 e5 
9.d5 Bxf3 10.Bxf3 Ne7 11.b4 Nd7 12.Be2 f5 13.f3 Nf6 14.c5 Nc8 15.Rc1 Rf7 
16.exf5 gxf5 17.f4 e4 18.h3 a5 19.a3 axb4 20.axb4 Ra3 21.Qd2 Bf8 22.Nb5 
Rxe3 23.Qxe3 Nxd5 24.Qg3+ Rg7 25.Qb3 dxc5 26.Bc4 c6 27.Bxd5+ cxd5 28.bxc5 
Kh8 29.Rfd1 Rd7 30.Nd4 Ne7 31.Ne6 Qe8 32.Qb2+ Kg8 33.Qe5 Qf7 34.Nxf8 Kxf8 
35.Ra1 Rd8 36.Ra7 Ng6 37.Qb2 Qc7 38.Rxb7 Qxc5+ 39.Kh1 d4 40.Rxh7 Kg8 41.
Qb7 Qf8 42.Rh5 Qf7 43.Qb6 Rd5 44.Rxd4 Kg7 45.Rg5 Rxd4 46.Qxd4+ Kf8 47.Qd8+
Kg7 48.Qd6 Kh7 49.Qxg6+ Qxg6 50.Rxg6 Kxg6 51.g4 Kf6 52.Kg2 Ke6 53.Kf2 1-0

[Event "RUS-chT L1"]
[Site "Sochi RUS"]
[Date "2004.04.24"]
[Round "5.1"]
[White "Kutuzov, Denis"]
[Black "Pogromsky, Mikhail"]
[Result "0-1"]
[WhiteElo "2277"]
[BlackElo "2243"]
[EventDate "2004.04.20"]
[PlyCount "92"]

1.e4 Nf6 2.Nc3 d5 3.e5 Nfd7 4.d4 c5 5.e6 fxe6 6.Nf3 Nc6 7.dxc5 g6 8.Nd4 
Nde5 9.f4 Nf7 10.Be3 Bg7 11.Be2 e5 12.fxe5 Bxe5 13.Bf3 Bxd4 14.Bxd4 e5 15.
Bf2 e4 16.Be2 e3 17.Bg3 d4 18.Nb5 O-O 19.O-O Bf5 20.Bc4 Qd7 21.Bd6 Be6 22.
Bxe6 Qxe6 23.Nc7 Qc4 24.b3 Qc3 25.Nxa8 Rxa8 26.Qf3 Nxd6 27.cxd6 Qc5 28.
Qf7+ Kh8 29.Qf6+ Kg8 30.Qe6+ Kh8 31.Rf7 Qe5 32.Qd7 Kg8 33.Qxb7 Re8 34.Qxc6
Kxf7 35.Rf1+ Kg7 36.Qd7+ Kh6 37.Qh3+ Kg7 38.Qd7+ Kh6 39.Rf7 e2 40.Rxh7+ 
Kg5 41.h4+ Kf4 42.Qf7+ Ke3 43.Qf2+ Kd2 44.Re7 Rxe7 45.dxe7 Kc1 46.Qe1+ 
Kxc2 0-1

[Event "RUS-chT L1"]
[Site "Sochi RUS"]
[Date "2004.04.24"]
[Round "5.2"]
[White "Krutko, Anatoly"]
[Black "Roppel, Konstantin"]
[Result "1-0"]
[WhiteElo "2324"]
[BlackElo "2303"]
[EventDate "2004.04.20"]
[PlyCount "69"]

1.e4 c6 2.d4 d5 3.Nc3 g6 4.Nf3 Bg4 5.Be3 Bg7 6.h3 Bxf3 7.Qxf3 e6 8.O-O-O 
Nf6 9.h4 a6 10.Bd3 h6 11.Kb1 b5 12.g4 b4 13.Na4 dxe4 14.Bxe4 Nd5 15.Nc5 
Qe7 16.h5 g5 17.Qg3 Nd7 18.Bxd5 cxd5 19.Nxd7 Qxd7 20.f4 f6 21.Rhe1 O-O 22.
Re2 a5 23.Rde1 Ra6 24.Bc1 a4 25.Qd3 Rb6 26.Rf1 b3 27.cxb3 axb3 28.a3 Qc7 
29.f5 exf5 30.Qxf5 Rd6 31.Rfe1 Rd7 32.Re8 Rxe8 33.Rxe8+ Bf8 34.Bd2 Rd8 35.
Qg6+ 1-0

[Event "RUS-chT L1"]
[Site "Sochi RUS"]
[Date "2004.04.24"]
[Round "5.4"]
[White "Shestakov, Dmitry"]
[Black "Zhukov, Vladimir"]
[Result "1-0"]
[WhiteElo "2152"]
[BlackElo "2281"]
[EventDate "2004.04.20"]
[PlyCount "100"]

1.d4 Nf6 2.Nf3 c5 3.d5 e6 4.Nc3 exd5 5.Nxd5 Nxd5 6.Qxd5 Be7 7.Bf4 Nc6 8.
Rd1 Qa5+ 9.c3 d6 10.e3 Be6 11.Qe4 Qxa2 12.Bb5 O-O 13.O-O Qxb2 14.Bxc6 bxc6
15.Bxd6 Bxd6 16.Ng5 Rfd8 17.Qxh7+ Kf8 18.Rxd6 Rxd6 19.Qh8+ Ke7 20.Qxa8 Qb6
21.Qh8 Qd8 22.Qxg7 Rd1 23.g3 Rxf1+ 24.Kxf1 Qd1+ 25.Kg2 Bd5+ 26.e4 Bc4 27.
Qe5+ Kd7 28.Qf5+ Kc7 29.h4 a5 30.Qxc5 Qf1+ 31.Kh2 a4 32.h5 Qe2 33.h6 Qh5+ 
34.Kg2 Qxh6 35.Qxc4 Qxg5 36.Qxa4 Qh5 37.Qd4 Kb7 38.c4 Ka6 39.e5 Qf5 40.f4 
Qc2+ 41.Kf3 Qb1 42.g4 Qh1+ 43.Kg3 Qe1+ 44.Qf2 Qc3+ 45.Kg2 Qd3 46.Qf1 Qe4+ 
47.Kg3 Ka5 48.g5 Kb4 49.Kg4 Kc5 50.Qf2+ Kxc4 1-0

[Event "RUS-chT L1"]
[Site "Sochi RUS"]
[Date "2004.04.25"]
[Round "6.1"]
[White "Rodin, Dmitrij"]
[Black "Diachkov, Sergei"]
[Result "1/2-1/2"]
[WhiteElo "2452"]
[BlackElo "2549"]
[EventDate "2004.04.20"]
[PlyCount "21"]

1.e4 e6 2.d4 d5 3.Nd2 Nf6 4.e5 Nfd7 5.f4 c5 6.c3 Nc6 7.Ndf3 Qb6 8.h4 a5 9.
h5 h6 10.Rh3 a4 11.a3 1/2-1/2

[Event "RUS-chT L1"]
[Site "Sochi RUS"]
[Date "2004.04.25"]
[Round "6.2"]
[White "Tunik, Gennady"]
[Black "Kostin, Alexei"]
[Result "1/2-1/2"]
[WhiteElo "2487"]
[BlackElo "2385"]
[EventDate "2004.04.20"]
[PlyCount "24"]

1.d4 Nf6 2.c4 e6 3.Nf3 b6 4.g3 Bb7 5.Bg2 Be7 6.O-O O-O 7.Nc3 Na6 8.d5 Bb4 
9.Nd4 Bxc3 10.bxc3 Nc5 11.Ba3 Rb8 12.Nb3 d6 1/2-1/2

[Event "RUS-chT L1"]
[Site "Sochi RUS"]
[Date "2004.04.25"]
[Round "6.3"]
[White "Sergienko, Sergei"]
[Black "Tomashevsky, Evgeny"]
[Result "1/2-1/2"]
[WhiteElo "2404"]
[BlackElo "2503"]
[EventDate "2004.04.20"]
[PlyCount "35"]

1.d4 Nf6 2.c4 e6 3.Nc3 Bb4 4.Qc2 c5 5.dxc5 O-O 6.a3 Bxc5 7.Nf3 b6 8.Bg5 
Bb7 9.e4 h6 10.Bh4 Be7 11.Be2 d6 12.O-O a6 13.Rfd1 Qc7 14.Rac1 Nbd7 15.b4 
Rac8 16.Qb1 Qb8 17.Nd2 Rfe8 18.Bg3 1/2-1/2

[Event "RUS-chT L1"]
[Site "Sochi RUS"]
[Date "2004.04.25"]
[Round "6.4"]
[White "Evdokimov, Alexander"]
[Black "Terentiev, Vitaly"]
[Result "1-0"]
[WhiteElo "2495"]
[BlackElo "2387"]
[EventDate "2004.04.20"]
[PlyCount "72"]

1.d4 Nf6 2.c4 e6 3.Nf3 d5 4.g3 Bb4+ 5.Bd2 Be7 6.Bg2 c6 7.O-O O-O 8.Qc2 b6 
9.Bf4 Bb7 10.Nbd2 Nbd7 11.e4 c5 12.cxd5 exd5 13.e5 Ne8 14.h4 Nc7 15.Ng5 
Bxg5 16.Bxg5 Qe8 17.Nc4 dxc4 18.Bxb7 Rb8 19.Bc6 Qe6 20.Be4 cxd4 21.Bxh7+ 
Kh8 22.Bf5 Qc6 23.Qe2 Kg8 24.Qh5 g6 25.Bxd7 Qxd7 26.Qh6 f6 27.Qxg6+ Qg7 
28.Qxg7+ Kxg7 29.Bxf6+ Kf7 30.Rae1 b5 31.Re4 Ne6 32.f4 Rg8 33.Kh2 d3 34.f5
Nc5 35.Rd4 Rge8 36.g4 Rb7 1-0

[Event "RUS-chT L1"]
[Site "Sochi RUS"]
[Date "2004.04.25"]
[Round "6.1"]
[White "Volkov, Sergei"]
[Black "Shomoev, Anton"]
[Result "1-0"]
[WhiteElo "2629"]
[BlackElo "2487"]
[EventDate "2004.04.20"]
[PlyCount "59"]

1.d4 Nf6 2.c4 g6 3.Nc3 d5 4.Nf3 Bg7 5.Qb3 dxc4 6.Qxc4 O-O 7.e4 a6 8.Be2 b5
9.Qb3 c5 10.dxc5 Bb7 11.O-O Nxe4 12.Nxe4 Bxe4 13.Bf4 Bd5 14.Qe3 Bxb2 15.
Rad1 e6 16.Bd6 Re8 17.Ne5 Nd7 18.f4 Nb6 19.Rd2 Bxe5 20.fxe5 Nc8 21.Bf3 Ne7
22.Bxd5 Nxd5 23.Qh6 Ra7 24.Rdf2 f5 25.exf6 Rf7 26.h4 Kh8 27.Be5 Nb4 28.h5 
gxh5 29.Qxh5 Qd7 30.Qg4 1-0

[Event "RUS-chT L1"]
[Site "Sochi RUS"]
[Date "2004.04.25"]
[Round "6.2"]
[White "Ivanov, Timur"]
[Black "Burmakin, Vladimir"]
[Result "1-0"]
[WhiteElo "2419"]
[BlackElo "2571"]
[EventDate "2004.04.20"]
[PlyCount "67"]

1.e4 c6 2.Nc3 d5 3.Nf3 g6 4.d4 Bg7 5.h3 dxe4 6.Nxe4 Nd7 7.Bc4 Ngf6 8.Nxf6+
Nxf6 9.O-O O-O 10.Re1 Nd5 11.Bb3 Bf5 12.Qe2 Re8 13.Bg5 a5 14.a4 h6 15.Bh4 
Qb6 16.Rad1 g5 17.Bg3 f6 18.Rd2 Bg6 19.Qd1 Bf7 20.Ba2 Qd8 21.c3 Bg6 22.Nh2
Qd7 23.Ng4 Kh7 24.Bb1 b5 25.f3 Rad8 26.Nf2 Nb6 27.axb5 cxb5 28.Bxg6+ Kxg6 
29.Qc2+ Kf7 30.Rde2 e6 31.h4 a4 32.Ne4 Nc4 33.Nc5 Qd5 34.Nxe6 1-0

[Event "RUS-chT L1"]
[Site "Sochi RUS"]
[Date "2004.04.25"]
[Round "6.3"]
[White "Popov, Valery"]
[Black "Abashev, Denis"]
[Result "1/2-1/2"]
[WhiteElo "2547"]
[BlackElo "2412"]
[EventDate "2004.04.20"]
[PlyCount "120"]

1.Nf3 Nf6 2.c4 g6 3.Nc3 Bg7 4.e4 d6 5.d4 O-O 6.Be2 e5 7.Be3 Ng4 8.Bg5 f6 
9.Bc1 exd4 10.Nxd4 f5 11.h3 Nh6 12.exf5 Nxf5 13.Nxf5 Bxf5 14.Be3 Nd7 15.
O-O Nc5 16.Rc1 a5 17.Qd5+ Kh8 18.Rfd1 Qe7 19.Bd4 Be6 20.Bxg7+ Qxg7 21.Qd4 
Rf6 22.Bf1 Raf8 23.Rd2 R6f7 24.Qxg7+ Kxg7 25.Re1 Bd7 26.g3 Re8 27.Rxe8 
Bxe8 28.Bg2 Bc6 29.Bxc6 bxc6 30.Re2 Kf8 31.f4 Re7 32.Kf1 Kf7 33.Rxe7+ Kxe7
34.Ke2 Ke6 35.Ke3 h5 36.g4 hxg4 37.hxg4 Nd7 38.Ne4 d5 39.Ng5+ Kd6 40.Nf7+ 
Ke7 41.Ne5 Nxe5 42.fxe5 Ke6 43.Kd4 a4 44.a3 dxc4 45.Kxc4 Kxe5 46.Kb4 Kf4 
47.b3 c5+ 48.Kc3 axb3 49.Kxb3 Ke5 50.Kc4 Kd6 51.g5 Kc6 52.a4 Kb6 53.Kd5 
Ka5 54.Kxc5 Kxa4 55.Kc4 Ka3 56.Kc3 Ka2 57.Kc2 c6 58.Kc3 Kb1 59.Kd4 Kc2 60.
Ke5 Kd3 1/2-1/2

[Event "RUS-chT L1"]
[Site "Sochi RUS"]
[Date "2004.04.25"]
[Round "6.4"]
[White "Dashibalov, Erdem"]
[Black "Kiriakov, Petr"]
[Result "0-1"]
[WhiteElo "2324"]
[BlackElo "2568"]
[EventDate "2004.04.20"]
[PlyCount "104"]

1.e4 e6 2.d4 d5 3.Nc3 Nf6 4.e5 Nfd7 5.f4 c5 6.Nf3 Nc6 7.Be3 a6 8.Qd2 b5 9.
a3 Qb6 10.Qf2 cxd4 11.Nxd4 Bc5 12.Nce2 b4 13.axb4 Qxb4+ 14.c3 Qxb2 15.Rd1 
Nxd4 16.Bxd4 Bxd4 17.Qxd4 a5 18.c4 Qxd4 19.Nxd4 dxc4 20.Bxc4 Ba6 21.Bxa6 
Rxa6 22.O-O Ke7 23.Rc1 Raa8 24.Rc7 Rhc8 25.Nc6+ Ke8 26.Rxc8+ Rxc8 27.Nxa5 
Ke7 28.Nb3 Rc4 29.g3 g5 30.Nd2 Ra4 31.Rf2 gxf4 32.gxf4 Nc5 33.Rf3 Rd4 34.
Nf1 Nd3 35.f5 Nxe5 36.Rh3 Rg4+ 37.Ng3 Nf3+ 38.Kf2 Ng5 39.Rh5 e5 40.Ke3 f6 
41.Ne2 Kf8 42.h4 Nf7 43.Rxh7 Kg8 44.Rh5 Kg7 45.Kf3 Rc4 46.Ke3 Nd6 47.Kf3 
Nb5 48.Ke3 Nc7 49.Kd3 Rg4 50.Nc3 Nd5 51.Nxd5 Rd4+ 52.Ke3 Rxd5 0-1

[Event "RUS-chT L1"]
[Site "Sochi RUS"]
[Date "2004.04.25"]
[Round "6.1"]
[White "Yakovich, Yury"]
[Black "Ozgibtsev, Anatoly"]
[Result "1/2-1/2"]
[WhiteElo "2596"]
[BlackElo "2435"]
[EventDate "2004.04.20"]
[PlyCount "109"]

1.d4 d5 2.c4 e6 3.Nc3 c5 4.cxd5 exd5 5.Nf3 Nc6 6.g3 Nf6 7.Bg2 Be7 8.O-O 
cxd4 9.Nxd4 O-O 10.Be3 Bg4 11.Qa4 Na5 12.Rad1 Nc4 13.Bc1 Nb6 14.Qb3 Qd7 
15.Bg5 Rfd8 16.a4 Bh3 17.Qb5 Bxg2 18.Kxg2 h6 19.Bxf6 Bxf6 20.e3 Rac8 21.
Rd3 Nc4 22.Rb1 Ne5 23.Qxd7 Rxd7 24.Rdd1 Nc6 25.Nce2 Nxd4 26.Nxd4 Bxd4 27.
Rxd4 Rc2 28.b4 g6 29.Rbd1 Re7 30.R1d3 Rb2 31.Rc3 Kg7 32.b5 Ra2 33.g4 a6 
34.Kg3 Re6 35.Rc7 Rf6 36.f3 Ra3 37.Re7 axb5 38.axb5 Re6 39.Rxb7 Raxe3 40.
Rd7 g5 41.R4xd5 Rf6 42.Rf5 Rxf5 43.gxf5 Rb3 44.Rd5 Kf6 45.Rc5 h5 46.h3 Rb2
47.h4 gxh4+ 48.Kxh4 Rh2+ 49.Kg3 Rb2 50.Rd5 Rb3 51.Kh4 Rxf3 52.Kxh5 Rf4 53.
Rc5 Rb4 54.Rd5 Rf4 55.Rc5 1/2-1/2

[Event "RUS-chT L1"]
[Site "Sochi RUS"]
[Date "2004.04.25"]
[Round "6.2"]
[White "Pogromsky, Mikhail"]
[Black "Tregubov, Pavel"]
[Result "1/2-1/2"]
[WhiteElo "2243"]
[BlackElo "2636"]
[EventDate "2004.04.20"]
[PlyCount "92"]

1.d4 d5 2.Nc3 Nf6 3.Bg5 c6 4.Qd3 g6 5.Bxf6 exf6 6.e4 Bh6 7.exd5 O-O 8.g3 
Qb6 9.f4 Qxb2 10.Rb1 Qa3 11.Bg2 Bf5 12.Qd2 Nd7 13.Rxb7 cxd5 14.Nxd5 Rac8 
15.c3 Rb8 16.Rxb8 Rxb8 17.Ne2 Bg4 18.Ne3 Rb2 19.Nxg4 Rxd2 20.Nxh6+ Kg7 21.
Kxd2 Qxa2+ 22.Kd3 Kxh6 23.c4 Qb3+ 24.Nc3 Nb6 25.Bd5 Na4 26.Rc1 Nb2+ 27.Kd2
Nxc4+ 28.Bxc4 Qxc4 29.d5 Kg7 30.Ra1 Kf8 31.Ra4 Qc5 32.Kd3 Ke7 33.Rc4 Qg1 
34.Rc7+ Ke8 35.Kc4 Qf1+ 36.Kd4 Qf2+ 37.Kc4 Qf1+ 38.Kd4 Qc1 39.Nb5 Qg1+ 40.
Kc4 Qc1+ 41.Kd4 Qd2+ 42.Kc5 Qf2+ 43.Kc4 Qc2+ 44.Kd4 Qb2+ 45.Kc5 Qf2+ 46.
Kc4 Qc2+ 1/2-1/2

[Event "RUS-chT L1"]
[Site "Sochi RUS"]
[Date "2004.04.25"]
[Round "6.3"]
[White "Sorokin, Maxim"]
[Black "Krutko, Anatoly"]
[Result "1-0"]
[WhiteElo "2583"]
[BlackElo "2324"]
[EventDate "2004.04.20"]
[PlyCount "59"]

1.c4 Nf6 2.Nc3 g6 3.g3 Bg7 4.Bg2 O-O 5.d4 d6 6.Nf3 Nbd7 7.e4 e5 8.h3 exd4 
9.Nxd4 Re8 10.O-O a6 11.Rb1 Rb8 12.Re1 c5 13.Nc2 Ne5 14.b3 b5 15.cxb5 axb5
16.f4 Ned7 17.Qxd6 b4 18.Na4 Re6 19.Qd2 Bb7 20.e5 Ne8 21.Bb2 Bxg2 22.Qxg2 
c4 23.Nd4 c3 24.Nxe6 fxe6 25.Qc6 Qc7 26.Qxe6+ Kh8 27.Bc1 Bf8 28.Be3 Ng7 
29.Qf7 Qc6 30.Rbd1 1-0

[Event "RUS-chT L1"]
[Site "Sochi RUS"]
[Date "2004.04.25"]
[Round "6.4"]
[White "Shestakov, Dmitry"]
[Black "Khismatullin, Denis"]
[Result "0-1"]
[WhiteElo "2152"]
[BlackElo "2537"]
[EventDate "2004.04.20"]
[PlyCount "112"]

1.d4 Nf6 2.Nf3 g6 3.g3 Bg7 4.Bg2 O-O 5.O-O d6 6.b3 e5 7.dxe5 Ng4 8.Bb2 Nc6
9.c4 dxe5 10.h3 Nh6 11.Qxd8 Rxd8 12.Na3 Nf5 13.Ng5 Ncd4 14.e3 Ne2+ 15.Kh2 
Rd2 16.Rab1 Nexg3 17.Rfd1 Rxf2 18.Rd8+ Bf8 19.Kg1 Rxb2 20.Rxb2 Kg7 21.Nb5 
Be7 22.Ne6+ fxe6 23.Re8 Bc5 24.Nxc7 Bxe3+ 25.Kh2 Rb8 26.Nxe6+ Bxe6 27.Rxb8
b6 28.Rb7+ Kf6 29.Bd5 a5 30.Bxe6 Kxe6 31.a3 Bd4 32.Rb1 Ne4 33.b4 axb4 34.
axb4 h5 35.Ra7 Nfd6 36.Rc7 g5 37.Kg2 g4 38.hxg4 hxg4 39.Rc1 Nf5 40.c5 Ne3+
41.Kh1 bxc5 42.bxc5 g3 43.Rg7 Nf2+ 44.Kg1 Nd3 45.c6 Nxc1 46.c7 Nd5+ 47.Kg2
Nb6 48.c8=Q+ Nxc8 49.Rc7 Nd3 50.Rxc8 Bf2 51.Kf3 Ne1+ 52.Ke2 Kd5 53.Rd8+ 
Ke4 54.Rg8 Nd3 55.Kf1 Nf4 56.Ra8 Bd4 0-1

[Event "RUS-chT L1"]
[Site "Sochi RUS"]
[Date "2004.04.25"]
[Round "6.3"]
[White "Lianguzov, Oleg"]
[Black "Chebotarev, Oleg"]
[Result "1/2-1/2"]
[WhiteElo "2303"]
[BlackElo "2442"]
[EventDate "2004.04.20"]
[PlyCount "33"]

1.e4 e6 2.d4 d5 3.exd5 exd5 4.Bd3 Nc6 5.c3 Bd6 6.Qf3 Nf6 7.Bg5 Bg4 8.Qxg4 
Nxg4 9.Bxd8 Nxd8 10.Nf3 O-O 11.O-O Ne6 12.Re1 Rfe8 13.Nbd2 g6 14.g3 Nf6 
15.Bf1 Re7 16.Bg2 Rae8 17.b4 1/2-1/2

[Event "RUS-chT L1"]
[Site "Sochi RUS"]
[Date "2004.04.25"]
[Round "6.4"]
[White "Zimmerman, Yury"]
[Black "Sharafiev, Azat"]
[Result "1-0"]
[WhiteElo "2355"]
[BlackElo "2255"]
[EventDate "2004.04.20"]
[PlyCount "57"]

1.d4 Nf6 2.c4 g6 3.Nc3 Bg7 4.e4 O-O 5.f4 c5 6.dxc5 Qa5 7.Bd3 Qxc5 8.Qe2 
Nc6 9.Nf3 d6 10.Be3 Qa5 11.O-O Ng4 12.Bd2 Qb6+ 13.Kh1 Qxb2 14.Nb5 a6 15.
Rfb1 Qxa1 16.Rxa1 Bxa1 17.Nc7 Ra7 18.h3 b6 19.Nd5 Nf6 20.Qd1 Bd4 21.Nxd4 
Nxd4 22.Nxf6+ exf6 23.Qa1 Ne6 24.Qxf6 Re8 25.f5 Nc5 26.Bh6 Ne6 27.fxe6 
fxe6 28.e5 Rf7 29.Qg5 1-0

[Event "RUS-chT L1"]
[Site "Sochi RUS"]
[Date "2004.04.25"]
[Round "6.1"]
[White "Kasparov, Sergei"]
[Black "Sokolov, Dmitri"]
[Result "0-1"]
[WhiteElo "2497"]
[BlackElo "2409"]
[EventDate "2004.04.20"]
[PlyCount "74"]

1.e4 c5 2.Nf3 d6 3.d4 cxd4 4.Nxd4 Nf6 5.f3 e5 6.Nb3 Be6 7.c4 Nbd7 8.Be3 
Rc8 9.Na3 a6 10.Be2 Be7 11.O-O O-O 12.Qd2 Nh5 13.Rfd1 g6 14.Rac1 f5 15.
exf5 gxf5 16.Na5 Rc7 17.b4 Qe8 18.f4 Nxf4 19.Bxf4 exf4 20.Qxf4 Qg6 21.Rc3 
Ne5 22.Rg3 Ng4 23.h3 Bg5 24.Qd4 Bf6 25.Qd3 Be5 26.hxg4 Qg5 27.Rf3 fxg4 28.
Rxf8+ Kxf8 29.Rf1+ Rf7 30.Rxf7+ Bxf7 31.Nb3 Bg6 32.Qd5 Qe3+ 33.Kf1 Be4 34.
Qd2 Bxg2+ 35.Kxg2 Qh3+ 36.Kf2 Bg3+ 37.Ke3 Be1+ 0-1

[Event "RUS-chT L1"]
[Site "Sochi RUS"]
[Date "2004.04.25"]
[Round "6.2"]
[White "Kositsin, Sergei"]
[Black "Savchenko, Boris"]
[Result "1-0"]
[WhiteElo "2429"]
[BlackElo "2510"]
[EventDate "2004.04.20"]
[PlyCount "120"]

1.e4 c5 2.c3 d6 3.d4 Nf6 4.f3 Nc6 5.dxc5 dxc5 6.Qxd8+ Nxd8 7.Bb5+ Nd7 8.
Nh3 a6 9.Be2 e6 10.a4 b6 11.Na3 Bd6 12.Nc4 Bc7 13.Bf4 Bxf4 14.Nxf4 Ke7 15.
Kf2 Bb7 16.Rhd1 Bc6 17.Nd3 Bxa4 18.Rxa4 b5 19.Ra2 bxc4 20.Ne1 Nb6 21.Rda1 
Nc6 22.Rxa6 Rxa6 23.Rxa6 Rb8 24.f4 g5 25.fxg5 Ne5 26.Ke3 Rb7 27.Kd2 Nc8 
28.Ra2 Nd6 29.Ke3 f6 30.gxf6+ Kxf6 31.Nf3 Rg7 32.Nxe5 Kxe5 33.Bf3 Rb7 34.
Ra5 Rc7 35.g4 h6 36.Ra8 Rb7 37.Ra5 Rc7 38.h4 Nf7 39.Rb5 Nd6 40.Rb8 Rd7 41.
Rg8 Rf7 42.g5 Rh7 43.g6 Ra7 44.Rf8 h5 45.Bxh5 Nxe4 46.Bf3 Ng3 47.Bg4 Rd7 
48.Kf3 Ne4 49.h5 Nf6 50.h6 Rd1 51.h7 Nxh7 52.Ke2 Rd7 53.gxh7 Rxh7 54.Ke3 
Rb7 55.Rf2 Rb8 56.Rd2 Rh8 57.Re2 Rh6 58.Kf3+ Kd5 59.Kf4 Rh4 60.Re5+ Kc6 
1-0

[Event "RUS-chT L1"]
[Site "Sochi RUS"]
[Date "2004.04.25"]
[Round "6.3"]
[White "Meshkov, Yury"]
[Black "Semeniuk, Alexander"]
[Result "1-0"]
[WhiteElo "2396"]
[BlackElo "2458"]
[EventDate "2004.04.20"]
[PlyCount "85"]

1.e4 c5 2.Nf3 Nc6 3.Bb5 g6 4.O-O Bg7 5.Bxc6 bxc6 6.d3 d6 7.Nbd2 e5 8.Nc4 
Nh6 9.Bd2 f6 10.a3 O-O 11.b4 cxb4 12.axb4 d5 13.Na5 Qc7 14.c4 dxe4 15.dxe4
Nf7 16.Be3 f5 17.Qa4 Bd7 18.Bc5 Rfe8 19.Rad1 Re6 20.Qc2 f4 21.Nd2 g5 22.f3
Rg6 23.Nab3 g4 24.fxg4 Bxg4 25.Nf3 Ng5 26.Kh1 Kh8 27.Nh4 Rh6 28.Nf5 Bxf5 
29.exf5 e4 30.Nd4 Be5 31.Ne6 f3 32.h3 Nxe6 33.fxe6 Rg8 34.Rd7 Qb8 35.Rf2 
fxg2+ 36.Rxg2 Rxh3+ 37.Kg1 Bh2+ 38.Kf1 Qf4+ 39.Bf2 Qf6 40.Rxg8+ Kxg8 41.
Qxe4 Bg3 42.Qg4+ Kh8 43.Rd8+ 1-0

[Event "RUS-chT L1"]
[Site "Sochi RUS"]
[Date "2004.04.25"]
[Round "6.4"]
[White "Berezhevsky, Evgeny"]
[Black "Pogosian, Georgy"]
[Result "1/2-1/2"]
[WhiteElo "2369"]
[BlackElo "2240"]
[EventDate "2004.04.20"]
[PlyCount "134"]

1.d4 e6 2.c4 f5 3.g3 Nf6 4.Bg2 Be7 5.Nf3 O-O 6.O-O d6 7.Nc3 a5 8.b3 Qe8 9.
Re1 Ne4 10.Qc2 Nxc3 11.Qxc3 Nc6 12.Bb2 e5 13.a3 e4 14.Nd2 Bf6 15.e3 Ne7 
16.f3 d5 17.cxd5 Nxd5 18.Qc5 Be6 19.fxe4 fxe4 20.Bxe4 c6 21.Bg2 Bg5 22.Nf1
Qf7 23.Qc2 Nb6 24.b4 Bb3 25.Qe2 Bc4 26.Qd2 Nd5 27.Rac1 Bxf1 28.Bxd5 Qxd5 
29.Rxf1 axb4 30.Rxf8+ Rxf8 31.axb4 Rf3 32.Re1 Qe4 33.Bc1 h5 34.Qg2 b5 35.
Re2 Qd5 36.Rf2 Bxe3 37.Bxe3 Rxe3 38.Qxd5+ cxd5 39.Rf5 Rb3 40.Rxh5 Rxb4 41.
Rxd5 Rb2 42.Rd7 b4 43.d5 b3 44.d6 Rd2 45.Rb7 Rxd6 46.Rxb3 Rd2 47.Rf3 Kh7 
48.Rf2 Rd3 49.Kg2 Kg6 50.Kh3 Rd4 51.Kg2 Rd3 52.Kf1 Rb3 53.Re2 Ra3 54.Kf2 
Rb3 55.h3 Ra3 56.Re3 Ra4 57.Kf3 Ra6 58.Kf4 Rf6+ 59.Kg4 Ra6 60.Re4 Kf6 61.
h4 Rb6 62.Rc4 Ra6 63.Kf4 Rb6 64.g4 g5+ 65.hxg5+ Kg6 66.Rc5 Ra6 67.Kg3 Ra1 
1/2-1/2

[Event "RUS-chT L1"]
[Site "Sochi RUS"]
[Date "2004.04.25"]
[Round "6.1"]
[White "Pugachov, Alexei"]
[Black "Kutuzov, Denis"]
[Result "1-0"]
[WhiteElo "2453"]
[BlackElo "2277"]
[EventDate "2004.04.20"]
[PlyCount "107"]

1.e4 e6 2.d4 d5 3.e5 c5 4.c3 Nc6 5.Nf3 Qb6 6.a3 c4 7.g3 Bd7 8.Bg2 Na5 9.
Nbd2 h6 10.h4 O-O-O 11.h5 Ne7 12.O-O Kb8 13.Nh4 g6 14.Rb1 Rg8 15.Nhf3 Nf5 
16.Nh2 Be7 17.hxg6 fxg6 18.Ng4 Rdf8 19.Nf3 g5 20.Qe1 Ka8 21.Nf6 Bxf6 22.
exf6 Rxf6 23.g4 Ne7 24.Ne5 Be8 25.f4 Nac6 26.Nxc6 Nxc6 27.fxg5 Rxf1+ 28.
Bxf1 e5 29.Be3 exd4 30.Bf2 Bg6 31.Qe6 Qd8 32.Re1 hxg5 33.Bg2 Be4 34.Bxe4 
dxe4 35.cxd4 Nxd4 36.Qxe4 Nc6 37.Qxc4 Rf8 38.b4 Rf4 39.Qe2 Nd4 40.Qe8 Nf3+
41.Kh1 Rf8 42.Qxd8+ Rxd8 43.Re3 Nd4 44.Kg2 Nc6 45.b5 Na5 46.Rc3 b6 47.Rc7 
Nb3 48.Rg7 Rd5 49.Be3 Rxb5 50.Bxg5 Nc5 51.Be3 Rb2+ 52.Kf3 Rb3 53.Re7 Rxa3 
54.g5 1-0

[Event "RUS-chT L1"]
[Site "Sochi RUS"]
[Date "2004.04.25"]
[Round "6.2"]
[White "Roppel, Konstantin"]
[Black "Chuprov, Dmitry"]
[Result "0-1"]
[WhiteElo "2303"]
[BlackElo "2549"]
[EventDate "2004.04.20"]
[PlyCount "98"]

1.d4 g6 2.Nf3 Bg7 3.Bf4 d6 4.e3 Nd7 5.Bc4 e6 6.O-O Ngf6 7.h3 O-O 8.Re1 Qe7
9.Nc3 e5 10.Bh2 c6 11.a4 Re8 12.Bb3 h6 13.a5 Nh7 14.Ne2 Ng5 15.Nxg5 Qxg5 
16.f4 exf4 17.Bxf4 Qe7 18.Ng3 Nf8 19.e4 Qh4 20.Rf1 Ne6 21.Ne2 Qe7 22.Bg3 
Rf8 23.Qd3 Bd7 24.Rae1 Rad8 25.c3 Bc8 26.Bc2 c5 27.Bb3 cxd4 28.cxd4 Qg5 
29.Ra1 a6 30.Bc4 Nc7 31.h4 Qh5 32.Nf4 Qg4 33.Kh2 Be6 34.Nxe6 Nxe6 35.Bxe6 
Qxe6 36.b4 Rfe8 37.Rae1 h5 38.d5 Qe7 39.Rf3 Be5 40.Bxe5 Qxh4+ 41.Rh3 Qxe1 
42.Bf6 Rc8 43.Rh4 Qf2 44.Qf3 Qxf3 45.gxf3 Rc4 46.b5 axb5 47.Kg3 Kf8 48.Rh1
Ra8 49.Rb1 Rxa5 0-1

[Event "RUS-chT L1"]
[Site "Sochi RUS"]
[Date "2004.04.25"]
[Round "6.3"]
[White "Kabanov, Nikolai"]
[Black "Cherniaev, Alexander"]
[Result "1-0"]
[WhiteElo "2519"]
[BlackElo "2270"]
[EventDate "2004.04.20"]
[PlyCount "109"]

1.e4 d6 2.d4 Nf6 3.Nc3 g6 4.f4 Bg7 5.Nf3 O-O 6.Be2 c6 7.a4 b6 8.O-O Ba6 9.
e5 Ne8 10.Be3 d5 11.f5 gxf5 12.Bxa6 Nxa6 13.Ng5 e6 14.Qh5 h6 15.Nf3 Kh7 
16.g4 f6 17.g5 f4 18.Bxf4 fxe5 19.Nxe5 Rxf4 20.Qg6+ Kh8 21.Rxf4 Qxg5+ 22.
Qxg5 hxg5 23.Nf7+ Kg8 24.Nxg5 e5 25.dxe5 Bxe5 26.Rh4 Ng7 27.Re1 Bf6 28.Rg4
Nc7 29.Re2 Rf8 30.Kg2 Kh8 31.Re3 c5 32.Rh3+ Kg8 33.Nh7 Rf7 34.Nxf6+ Rxf6 
35.Rhg3 Rf7 36.Nb5 Ne6 37.Nd6 Rf8 38.c3 d4 39.cxd4 cxd4 40.Rf3 Rxf3 41.
Kxf3 Kf8 42.b4 Ke7 43.Nc8+ Kd7 44.Nxa7 Nf5 45.Nb5 Ne3 46.Rg6 Nc2 47.Ke4 
Nxb4 48.Nxd4 Nc5+ 49.Kf5 Nd5 50.Rg7+ Ke8 51.Ra7 Ne7+ 52.Kf6 Nc8 53.Rc7 Nd6
54.Re7+ Kf8 55.Ne6+ 1-0